Caribbean Cities Map Quiz - Statistics

General Stats
  • This quiz has been taken 191 times
  • The average score is 15 of 24
Answers on the Map
Answers color-coded by a green-red scale on the quiz's map according to % correct below.
 
Answer Stats
Answer % Correct
Belize City
88%
Havana
88%
Port-au-Prince
88%
Cancun
87%
Nassau
87%
Kingston
85%
Santo Domingo
84%
Port of Spain
80%
San Juan
72%
Maracaibo
71%
Bridgetown
69%
Barranquilla
62%
Oranjestad
62%
Roseau
62%
St. John's
59%
Cartagena
53%
Santiago
53%
Punta Cana
49%
Cockburn Town
42%
Chetumal
38%
Limon
38%
San Andreas
32%
Puerto Barrios
30%
The Valley
28%
No matching quizzes found
Score Distribution
Percent of People with Each Score
Percentile by Number Answered
Your Score History
You have not taken this quiz